Pro Wrestlers by Picture #7 - Statistics

General Stats
  • This quiz has been taken 171 times
  • The average score is 14 of 20
Answer Stats
Picture Answer % Correct
Ryback
87%
Paige
86%
Xavier Woods
84%
Natalya
81%
Wade Barrett
81%
AJ Lee
80%
Beth Phoenix
78%
Matt Cardona
78%
Bam Bam Bigelow
76%
Gangrel
71%
Sabu
71%
Tommy Dreamer
71%
Ken Shamrock
67%
The Sandman
67%
Marty Jannetty
61%
Rick Rude
58%
Sammy Guevara
57%
Michael Hayes
43%
Tito Santana
36%
Larry Zbyszko
26%
No matching quizzes found
Score Distribution
Percent of People with Each Score
Percentile by Number Answered
Your Score History
You have not taken this quiz